Statistics for Stupid Trivia

Click here to take the quiz!

General Stats

  • This quiz has been taken 66 times
  • The average score is 8 of 11

Answer Stats

HintAnswer% Correct
What language is this written in?English
100%
What language do most French people speak?French
100%
From what animal do we mostly get milk from?Cow
98%
If you pass everyone in a race, what position are you in?First
98%
How many vowels are there in the alphabet?Five
86%
How many letters are there in the word "Letter"Six
81%
How many numbers are there?Infinite
77%
What do people drink beverages from?Cup
74%
What do we use to speak?Mouth
68%
What is this series of questions called?Quiz
60%
What do we all do, one second per second?Time travel
4%

Score Distribution

Percentile by Number Answered

Percent of People with Each Score

Your Score History

You have not taken this quiz